| 000 | 01407nam a2200313 a 4500 | ||
|---|---|---|---|
| 001 | 000039138 | ||
| 005 | 20260120073951.0 | ||
| 008 | 130527s2012 dr 001 0dspa d | ||
| 020 | _a9789945408706 | ||
| 040 |
_aDO-SdBNP _bspa _cBNPHU |
||
| 082 |
_a922.27293 _bB333e |
||
| 100 | 1 |
_aBatista, Pedro Alejandro, _d1968- _965345 |
|
| 245 | 1 | 0 |
_aEspinosa y Moscoso : _bdos columnas de la iglesia en San José de las Matas / _cPedro Alejandro Batista ; prólogo Monseñor Ramón Benito de la Rosa y Carpio. |
| 260 |
_aSanto Domingo : _bArgos, _c2012. |
||
| 300 |
_a317 p. ; _c23 cm. |
||
| 500 | _aIncluye datos biográficos del autor en las solapas de la cubierta. | ||
| 500 | _aIncluye cronologías de los sacerdotes Espinosa Azcona y Moscoso Rodríguez. | ||
| 504 | _aIncluye bibliografía y notas al pie de páginas. | ||
| 600 | 1 | 4 |
_aESPINOSA AZCONA, JOSÉ EUGENIO, _d1799-1882 _965346 |
| 600 | 1 | 4 |
_aMOSCOSO RODRÍGUEZ, MANUEL DE JESÚS, _d1861-1917 _965347 |
| 650 | 0 |
_aVida espiritual _9268 |
|
| 650 | 4 |
_aSacerdotes dominicanos _xBiografías _933806 |
|
| 650 | 4 |
_aClero _zRepública Dominicana _944127 |
|
| 650 | 4 |
_aIglesia católica _zRepública Dominicana _xHistoria _9358 |
|
| 651 | 4 |
_aSan José De Las Matas (República Dominicana{Rpara} _xHistoria Local _945105 |
|
| 700 | 1 |
_a Rosa y Carpio, Ramón Benito de la, _d1939- _epról. _974159 |
|
| 910 | _aValidado. Control de calidad EMS | ||
| 049 | _aBNPD | ||
| 999 |
_c38628 _d38628 |
||